|
|
|
|
| LEADER |
00655nab a2200169 i 4500 |
| 001 |
misc5345 |
| 005 |
20191106142751.0 |
| 008 |
170607s1929 hu o 0|| hun d |
| 040 |
|
|
|a SZTE Miscellanea Repozitórium
|b hun
|
| 041 |
|
|
|a hun
|
| 100 |
1 |
|
|a Glücksthal Andor
|
| 245 |
1 |
2 |
|a A társasági jog mindenütt egész Európában forrongásban van...
|h [elektronikus dokumentum] /
|c Glücksthal Andor
|
| 260 |
|
|
|c 1929
|
| 300 |
|
|
|a 214-215b
|
| 490 |
0 |
|
|a Polgári jog : a hazai és külföldi magánjog és hiteljog szemléje
|v 5
|
| 695 |
|
|
|a Társasági jog Németország
|
| 856 |
4 |
0 |
|u http://misc.bibl.u-szeged.hu/5345/1/polgari_jog_1929_214-215b.pdf
|z Dokumentum-elérés
|